| 000 | 00981nam a2200253Ia 4500 | ||
|---|---|---|---|
| 008 | 130821s2001 xxuad fr 1 eng | ||
| 020 | _a1560988401 | ||
| 020 | _a1560988614 | ||
| 040 |
_aCo-BoUCM _bspa _cJose A. Gerena (modificó) _dNuevo |
||
| 041 | 0 | 0 | _aeng |
| 245 | 1 | 0 |
_aFeasts archaeological and ethnographic perspectives on food, politics, and power _ceditado por Michael Dietler, Brian Hayden |
| 260 |
_aWashington D.C. (Estados Unidos) _bSmithsonian Institution Press _c2001 |
||
| 300 |
_axi, 432 páginas _bilustraciones, gráficos |
||
| 504 | _aIncluye referencias bibliográficas e índices | ||
| 650 | 0 | 7 |
_aFestivales _915657 |
| 650 | 0 | 7 |
_aFestividades religiosas _915663 |
| 650 | 0 | 7 |
_aManifestaciones culturales _918909 |
| 650 | 0 | 7 |
_aSociología _9386 |
| 690 |
_aSociología _9386 |
||
| 700 | 1 |
_aDietler, Michael _eeditor _945100 |
|
| 700 | 1 |
_aHayden, Brian _eeditor _945101 |
|
| 942 |
_cLIBRO _a5 _e1 _mF288 _2DEWEY _h394.26 |
||
| 999 |
_c70477 _d70477 |
||